[Event "España ch sub-18 2007"]
[Site "Granada ESP"]
[Date "2007.07.29"]
[Round "2.19"]
[White "Gonzalez Campo, Greta"]
[Black "Ribes Peris, Alvaro"]
[Result "0-1"]
[WhiteElo "1873"]
[BlackElo "2135"]
[PlyCount "64"]
[EventDate "2007.07.29"]
[EventType "swiss"]
[EventRounds "9"]
[EventCountry "ESP"]
[Source "lmi"]
[SourceDate "2007.07.29"]

1. e4 Nf6 2. e5 Nd5 3. d4 d6 4. c4 Nb6 5. exd6 cxd6 6. Nf3 g6 7. Nc3 Bg7 8. Be3
O-O 9. Qd2 Bg4 10. Ng5 Nc6 11. f3 Bc8 12. h4 f6 13. Nh3 Bxh3 14. Rxh3 f5 15. d5
Ne5 16. b3 f4 17. Bd4 Qc8 18. h5 Qxh3 19. gxh3 Nxf3+ 20. Kf2 Nxd2 21. Bxg7 Kxg7
22. Bd3 Nd7 23. Rd1 Nf3 24. Kxf3 Ne5+ 25. Kf2 Nxd3+ 26. Rxd3 g5 27. Nb5 Kh6 28.
Nc7 Rac8 29. Ne6 Rf6 30. Rd1 Rxe6 31. dxe6 Kxh5 32. Rd5 Rc5 0-1

[Event "España ch sub-18 2007"]
[Site "Granada ESP"]
[Date "2007.07.29"]
[Round "2.20"]
[White "Maura Mundo, Alejandro"]
[Black "Aranaz Murillo, Amalia"]
[Result "1-0"]
[WhiteElo "2133"]
[BlackElo "1706"]
[PlyCount "121"]
[EventDate "2007.07.29"]
[EventType "swiss"]
[EventRounds "9"]
[EventCountry "ESP"]
[Source "lmi"]
[SourceDate "2007.07.29"]

1. e4 c6 2. d4 d5 3. exd5 cxd5 4. c4 Nf6 5. Nc3 e6 6. Nf3 Bb4 7. cxd5 Nxd5 8.
Bd2 Nc6 9. Bd3 O-O 10. O-O Be7 11. Be3 Bf6 12. Ne4 Nce7 13. Nxf6+ Nxf6 14. Bc2
Bd7 15. Ne5 Ned5 16. Qf3 Nb4 17. Bb3 Bb5 18. Rfd1 Nc6 19. a4 Na5 20. Bc2 Bc6
21. Qh3 Be4 22. Bxe4 Nxe4 23. b4 Nc6 24. Nxc6 bxc6 25. Qh5 Qd5 26. Qxd5 cxd5
27. Rdc1 Rfc8 28. Kf1 Nd6 29. Rc5 Nc4 30. Ke2 Kf8 31. b5 Ke7 32. Kd3 Kd7 33.
Kc3 Rc7 34. Rxc7+ Kxc7 35. Bc1 a6 36. Rb1 Rb8 37. Bf4+ Nd6 38. Bxd6+ Kxd6 39.
Kb4 axb5 40. axb5 Kc7 41. Rc1+ Kb7 42. Rc3 Ra8 43. Rf3 f6 44. Rh3 h6 45. Rg3
Rg8 46. Rg6 Kb6 47. h3 h5 48. Rg3 g5 49. Rc3 Kb7 50. Rc6 Re8 51. Kc5 f5 52. b6
g4 53. Rc7+ Kb8 54. h4 e5 55. dxe5 Rxe5 56. Rf7 g3 57. fxg3 Re2 58. Rxf5 Rxg2
59. Rg5 Kb7 60. Rg7+ Kb8 61. Kxd5 1-0

[Event "España ch sub-18 2007"]
[Site "Granada ESP"]
[Date "2007.07.29"]
[Round "2.23"]
[White "Dominguez Pons, Eric"]
[Black "Martinez Rodriguez, Pablo"]
[Result "1-0"]
[WhiteElo "2221"]
[BlackElo "1942"]
[PlyCount "63"]
[EventDate "2007.07.29"]
[EventType "swiss"]
[EventRounds "9"]
[EventCountry "ESP"]
[Source "lmi"]
[SourceDate "2007.07.29"]

1. e4 e5 2. Nf3 Nc6 3. d4 exd4 4. Nxd4 Bc5 5. Nb3 Bb6 6. Nc3 d6 7. Qe2 Nge7 8.
Be3 Be6 9. O-O-O O-O 10. h3 f5 11. exf5 Bxf5 12. g4 Bg6 13. Bg2 Bxe3+ 14. Qxe3
Nb4 15. Be4 c6 16. Bxg6 Nxg6 17. a3 Na6 18. Nd4 Qf6 19. Nf5 d5 20. Rhe1 Nh4 21.
Nxh4 Qxh4 22. f4 Rae8 23. Qxe8 Rxe8 24. Rxe8+ Kf7 25. Re3 h5 26. Rde1 hxg4 27.
hxg4 Nc5 28. b4 Nd7 29. Kb2 Qf6 30. g5 Qd6 31. f5 Nb6 32. g6+ 1-0

[Event "España ch sub-18 2007"]
[Site "Granada ESP"]
[Date "2007.07.29"]
[Round "2.24"]
[White "Almagro Guardia, Elena"]
[Black "Alarcia Astiz, Carlos"]
[Result "0-1"]
[WhiteElo "1881"]
[BlackElo "2173"]
[PlyCount "52"]
[EventDate "2007.07.29"]
[EventType "swiss"]
[EventRounds "9"]
[EventCountry "ESP"]
[Source "lmi"]
[SourceDate "2007.07.29"]

1. e4 c6 2. d4 d5 3. f3 e6 4. Nc3 Bb4 5. a3 Bxc3+ 6. bxc3 dxe4 7. Qe2 exf3 8.
Nxf3 Nf6 9. Bg5 Nbd7 10. g3 h6 11. Bd2 b6 12. Bg2 Bb7 13. O-O O-O 14. Ne5 Rc8
15. Rf2 Qe7 16. c4 Ba8 17. a4 c5 18. Nxd7 Qxd7 19. Rd1 Bxg2 20. Kxg2 Qc6+ 21.
Kg1 cxd4 22. Bxh6 Qe4 23. Qd2 Qg6 24. Qxd4 Qxh6 25. Rdf1 e5 26. Qd1 Rxc4 0-1

[Event "España ch sub-18 2007"]
[Site "Granada ESP"]
[Date "2007.07.29"]
[Round "2.25"]
[White "Guetas Sanchez, Hugo"]
[Black "Jimenez Lupiañez, Laura"]
[Result "1-0"]
[WhiteElo "2161"]
[BlackElo "1935"]
[PlyCount "87"]
[EventDate "2007.07.29"]
[EventType "swiss"]
[EventRounds "9"]
[EventCountry "ESP"]
[Source "lmi"]
[SourceDate "2007.07.29"]

1. Nf3 d5 2. g3 Nf6 3. Bg2 c6 4. O-O Bg4 5. d3 Nbd7 6. Nbd2 e5 7. h3 Bh5 8. e4
dxe4 9. dxe4 Bc5 10. Qe2 O-O 11. g4 Bg6 12. Nh4 Bxe4 13. Bxe4 Nxe4 14. Nxe4
Qxh4 15. Bg5 Qxh3 16. Nxc5 Nxc5 17. a4 Ne6 18. Ra3 Qxa3 19. bxa3 Nxg5 20. Qe3
h6 21. Rd1 b6 22. Rd6 Rac8 23. Kg2 e4 24. Rd7 Ra8 25. Qc3 c5 26. Qe5 Rfe8 27.
Qd5 Rec8 28. Qb7 Re8 29. c4 Kh7 30. Kf1 Red8 31. Rxd8 Rxd8 32. Ke2 Rd4 33. Qxa7
Rxc4 34. Qxb6 Rc2+ 35. Kd1 Rxf2 36. Qxc5 Rf3 37. a5 e3 38. Ke2 Rg3 39. a6 Ne6
40. Qc4 g5 41. Qe4+ Kg8 42. a7 Nf4+ 43. Kd1 Rg1+ 44. Kc2 1-0

[Event "España ch sub-18 2007"]
[Site "Granada ESP"]
[Date "2007.07.29"]
[Round "2.26"]
[White "Rodriguez Perez, Angel Mariano"]
[Black "Trigo Urquijo, Sergio"]
[Result "0-1"]
[WhiteElo "1929"]
[BlackElo "2145"]
[PlyCount "68"]
[EventDate "2007.07.29"]
[EventType "swiss"]
[EventRounds "9"]
[EventCountry "ESP"]
[Source "lmi"]
[SourceDate "2007.07.29"]

1. e4 d6 2. d4 Nf6 3. Nc3 e5 4. dxe5 dxe5 5. Qxd8+ Kxd8 6. Bg5 Be6 7. O-O-O+
Nbd7 8. Nf3 Kc8 9. Bb5 c6 10. Ba4 b5 11. Bb3 Bxb3 12. axb3 b4 13. Bxf6 gxf6 14.
Na4 Kc7 15. Kb1 Nc5 16. Nxc5 Bxc5 17. Rhf1 Rhg8 18. Nh4 Rg4 19. g3 Rxe4 20. f4
exf4 21. Rxf4 Rxf4 22. gxf4 Re8 23. Rd3 Re1+ 24. Ka2 Re2 25. Rh3 Rxc2 26. Nf3
Rf2 27. Ne1 Rd2 28. Nf3 Rd3 29. Kb1 Rxb3 30. Kc2 Re3 31. Kd2 a5 32. Rg3 a4 33.
Ne1 Rxg3 34. hxg3 Bf2 0-1

[Event "España ch sub-18 2007"]
[Site "Granada ESP"]
[Date "2007.07.29"]
[Round "2.27"]
[White "Ladron De Guevara Pinto, Paolo"]
[Black "Jordan Martinez, David"]
[Result "0-1"]
[WhiteElo "1780"]
[BlackElo "2104"]
[PlyCount "36"]
[EventDate "2007.07.29"]
[EventType "swiss"]
[EventRounds "9"]
[EventCountry "ESP"]
[Source "lmi"]
[SourceDate "2007.07.29"]

1. e4 c5 2. Nf3 e6 3. d4 cxd4 4. Nxd4 a6 5. Nc3 Qc7 6. Be3 Nf6 7. f3 Bb4 8. Qd2
d5 9. Bd3 e5 10. Nde2 d4 11. Nxd4 exd4 12. Bxd4 Nc6 13. Bxf6 gxf6 14. O-O-O Be6
15. a3 Bd6 16. g3 O-O-O 17. f4 Na5 18. Nd5 Nb3+ 0-1

[Event "España ch sub-18 2007"]
[Site "Granada ESP"]
[Date "2007.07.29"]
[Round "2.28"]
[White "Santiso Becerra, Pablo"]
[Black "Ladron De Guevara Pinto, Fermin"]
[Result "0-1"]
[WhiteElo "1841"]
[BlackElo "2070"]
[PlyCount "104"]
[EventDate "2007.07.29"]
[EventType "swiss"]
[EventRounds "9"]
[EventCountry "ESP"]
[Source "lmi"]
[SourceDate "2007.07.29"]

1. e4 c5 2. Nf3 e6 3. d4 cxd4 4. Nxd4 a6 5. Be3 Nf6 6. Bd3 Qc7 7. O-O Be7 8. c4
Nc6 9. Nxc6 bxc6 10. Nc3 d6 11. f4 c5 12. g4 h6 13. Be2 Bb7 14. Bf3 Nd7 15. Qe2
Bc6 16. Qg2 Qb7 17. Rad1 Nb6 18. b3 g6 19. e5 Bxf3 20. Qxf3 Qxf3 21. Rxf3 dxe5
22. fxe5 Nd7 23. Bf4 f5 24. exf6 Bxf6 25. Ne4 Bd4+ 26. Kg2 e5 27. Be3 Ke7 28.
Rdf1 Raf8 29. Rxf8 Nxf8 30. Rf3 Ne6 31. h4 Bxe3 32. Rxe3 Rd8 33. Nc3 Rd2+ 34.
Kg3 Kd7 35. a3 g5 36. Nd5 gxh4+ 37. Kxh4 Nf4 38. Nxf4 exf4 39. Rf3 Rh2+ 40. Rh3
Rxh3+ 41. Kxh3 a5 42. Kg2 Ke6 43. Kf3 Ke5 44. a4 Kd4 45. Kxf4 Kc3 46. Kf5 Kxb3
47. Kg6 Kxc4 48. Kxh6 Kb4 49. g5 c4 50. g6 c3 51. g7 c2 52. g8=Q c1=Q+ 0-1

[Event "España ch sub-18 2007"]
[Site "Granada ESP"]
[Date "2007.07.29"]
[Round "2.30"]
[White "Escobar Figueroa, Sandra"]
[Black "Jimenez Garcia, Alberto"]
[Result "0-1"]
[WhiteElo "1688"]
[BlackElo "1989"]
[PlyCount "46"]
[EventDate "2007.07.29"]
[EventType "swiss"]
[EventRounds "9"]
[EventCountry "ESP"]
[Source "lmi"]
[SourceDate "2007.07.29"]

1. e4 e5 2. Nf3 Nc6 3. Bc4 Bc5 4. c3 Nf6 5. d3 d6 6. Bb3 O-O 7. O-O Qe7 8. Nbd2
a5 9. Re1 Ng4 10. Re2 Kh8 11. h3 Nf6 12. Nf1 Nh5 13. Re1 Nf6 14. Ng3 b5 15. Nh4
Qd8 16. Qf3 a4 17. Bc2 Ng8 18. Ngf5 g6 19. Nh6 Qxh4 20. Nxf7+ Kg7 21. Bg5 Qxf2+
22. Qxf2 Bxf2+ 23. Kxf2 Rxf7+ 0-1

[Event "España ch sub-18 2007"]
[Site "Granada ESP"]
[Date "2007.07.31"]
[Round "4.1"]
[White "Mestre Bellido, Hector"]
[Black "Vila Gazquez, Xavier"]
[Result "0-1"]
[WhiteElo "2269"]
[BlackElo "2429"]
[PlyCount "92"]
[EventDate "2007.07.29"]
[EventType "swiss"]
[EventRounds "9"]
[EventCountry "ESP"]
[Source "lmi"]
[SourceDate "2007.07.29"]

1. e4 c5 2. Nf3 Nc6 3. d4 cxd4 4. Nxd4 Qc7 5. Nc3 e6 6. g3 a6 7. Bg2 Nf6 8. O-O
Nxd4 9. Qxd4 Bc5 10. Bf4 d6 11. Qd3 h6 12. Rad1 e5 13. Bc1 Be6 14. Nd5 Nxd5 15.
exd5 Bd7 16. Kh1 f5 17. b3 O-O 18. Bb2 Rac8 19. c4 b5 20. f4 bxc4 21. bxc4 e4
22. Qc3 Be8 23. g4 Bg6 24. gxf5 Bxf5 25. Rde1 Rce8 26. Re2 Rf7 27. Rfe1 e3 28.
Bf3 Be4 29. Bxe4 Rxe4 30. Rg2 Rexf4 31. Qd3 Rf2 32. Rxf2 exf2 33. Re8+ Rf8 34.
Rxf8+ Kxf8 35. Qf5+ Qf7 36. Qc8+ Qe8 37. Qf5+ Kg8 38. Kg2 Qf7 39. Qxf7+ Kxf7
40. Bc3 g5 41. a3 Bxa3 42. Kxf2 Kg6 43. Kf3 Kf5 44. h3 h5 45. Bg7 a5 46. Ke3 a4
0-1

[Event "España ch sub-18 2007"]
[Site "Granada ESP"]
[Date "2007.07.31"]
[Round "4.2"]
[White "Llorente Zaro, Alfonso"]
[Black "Fernandez Borrego, Pablo"]
[Result "1/2-1/2"]
[WhiteElo "2422"]
[BlackElo "2200"]
[PlyCount "70"]
[EventDate "2007.07.29"]
[EventType "swiss"]
[EventRounds "9"]
[EventCountry "ESP"]
[Source "lmi"]
[SourceDate "2007.07.29"]

1. Nf3 d5 2. g3 Nf6 3. Bg2 Nbd7 4. O-O e5 5. d3 Be7 6. Nbd2 O-O 7. e4 dxe4 8.
dxe4 c6 9. b3 Qc7 10. Bb2 b5 11. a4 a5 12. Ra2 Ne8 13. Qa1 f6 14. Rd1 Nd6 15.
axb5 cxb5 16. Bc3 a4 17. Bb4 Nb6 18. Bf1 Bd7 19. bxa4 Nxa4 20. c4 Be6 21. Ra3
Qb7 22. Rb1 Nxe4 23. Nxe4 Bxb4 24. Rxb4 Qxe4 25. Bd3 Qg4 26. Rxb5 e4 27. Be2
exf3 28. Bxf3 Qxc4 29. Bxa8 Rxa8 30. Rb1 Bd5 31. Re1 Bc6 32. Qa2 Qxa2 33. Rxa2
Nb6 34. Rxa8+ Nxa8 35. Re6 Bf3 1/2-1/2

[Event "España ch sub-18 2007"]
[Site "Granada ESP"]
[Date "2007.07.31"]
[Round "4.3"]
[White "Gonzalez Merino, Alberto"]
[Black "Huerga Leache, Mikel"]
[Result "0-1"]
[WhiteElo "2172"]
[BlackElo "2370"]
[PlyCount "90"]
[EventDate "2007.07.29"]
[EventType "swiss"]
[EventRounds "9"]
[EventCountry "ESP"]
[Source "lmi"]
[SourceDate "2007.07.29"]

1. Nf3 Nf6 2. c4 c5 3. Nc3 e6 4. g3 Nc6 5. Bg2 b6 6. d4 cxd4 7. Nxd4 Bb7 8. O-O
Be7 9. b3 O-O 10. Bb2 a6 11. Qd2 Ra7 12. e4 Qc7 13. Rac1 Nxd4 14. Qxd4 Ne8 15.
Na4 Bc5 16. Nxc5 bxc5 17. Qc3 d6 18. e5 Bxg2 19. Kxg2 f6 20. exd6 Nxd6 21. Rcd1
Nf5 22. Qf3 Qb6 23. Qe4 a5 24. a4 g6 25. Rd3 e5 26. f4 Qb7 27. Re1 exf4 28.
gxf4 Qxe4+ 29. Rxe4 Kf7 30. Rd5 Rb8 31. Rxc5 Rxb3 32. Rb5 Rb7 33. Rxb7+ Rxb7
34. Bc3 Rc7 35. Bxa5 Ra7 36. Bb4 Rxa4 37. c5 Ne7 38. f5 Nc6 39. Rh4 Rxb4 40.
Rxh7+ Kg8 41. fxg6 Ne5 42. c6 Nxc6 43. h4 Rg4+ 44. Kf3 Ne5+ 45. Ke3 Nxg6 0-1

[Event "España ch sub-18 2007"]
[Site "Granada ESP"]
[Date "2007.07.31"]
[Round "4.4"]
[White "Ribes Peris, Alvaro"]
[Black "Hernandez Leon, Alberto"]
[Result "1/2-1/2"]
[WhiteElo "2135"]
[BlackElo "2275"]
[PlyCount "40"]
[EventDate "2007.07.29"]
[EventType "swiss"]
[EventRounds "9"]
[EventCountry "ESP"]
[Source "lmi"]
[SourceDate "2007.07.29"]

1. d4 c5 2. d5 g6 3. e4 Bg7 4. c4 d6 5. Nc3 e6 6. f4 exd5 7. cxd5 Qh4+ 8. g3
Qe7 9. Nge2 Nf6 10. Bg2 O-O 11. O-O Na6 12. h3 Ne8 13. f5 Rb8 14. a4 Nac7 15.
Bd2 b5 16. axb5 Nxb5 17. Nxb5 Rxb5 18. Bc3 Bxc3 19. bxc3 Qg5 20. Qd3 a6 1/2-1/2

[Event "España ch sub-18 2007"]
[Site "Granada ESP"]
[Date "2007.07.31"]
[Round "4.5"]
[White "Dominguez Pons, Eric"]
[Black "Aloma Vidal, Robert"]
[Result "0-1"]
[WhiteElo "2221"]
[BlackElo "2341"]
[PlyCount "126"]
[EventDate "2007.07.29"]
[EventType "swiss"]
[EventRounds "9"]
[EventCountry "ESP"]
[Source "lmi"]
[SourceDate "2007.07.29"]

1. e4 c5 2. Nf3 d6 3. Bb5+ Nd7 4. c3 Ngf6 5. d3 g6 6. O-O Bg7 7. Re1 O-O 8. d4
a6 9. Ba4 b5 10. Bc2 cxd4 11. cxd4 Nb6 12. b3 a5 13. a4 bxa4 14. bxa4 Bg4 15.
Na3 Rc8 16. h3 Bd7 17. Bd2 Qe8 18. e5 dxe5 19. dxe5 Nfd5 20. Bxa5 Bxa4 21. Bxa4
Qxa4 22. Bxb6 Nxb6 23. Qxa4 Nxa4 24. Nb5 Nb2 25. Rab1 Nc4 26. e6 f5 27. Rbd1
Rc5 28. Nbd4 Bf6 29. Nb3 Rb5 30. Nbd4 Rb6 31. Rc1 Nd6 32. Rc7 Re8 33. Nc6 Nb5
34. Rb1 Nxc7 35. Rxb6 Nxe6 36. Rb7 Nc5 37. Rb5 Nd3 38. Rb3 Nf4 39. Nce5 Rc8 40.
Rb1 Rc2 41. Nd7 Bc3 42. Rd1 Ra2 43. Nc5 h6 44. Nd7 g5 45. Nc5 Rc2 46. Nd3 Nxd3
47. Rxd3 Bf6 48. Rd5 e6 49. Rd7 e5 50. Rd6 Kf7 51. Rd1 Ke6 52. g3 Rc4 53. Rd2
e4 54. Nh2 Bd4 55. Nf1 Ke5 56. Kg2 f4 57. Nh2 h5 58. Ra2 Bc5 59. Rb2 Rc1 60.
Re2 Kd4 61. Rd2+ Kc4 62. h4 e3 63. fxe3 Bxe3 0-1

[Event "España ch sub-18 2007"]
[Site "Granada ESP"]
[Date "2007.07.31"]
[Round "4.6"]
[White "Rubio Mejia, Luis Ignacio"]
[Black "Guetas Sanchez, Hugo"]
[Result "1-0"]
[WhiteElo "2270"]
[BlackElo "2161"]
[PlyCount "79"]
[EventDate "2007.07.29"]
[EventType "swiss"]
[EventRounds "9"]
[EventCountry "ESP"]
[Source "lmi"]
[SourceDate "2007.07.29"]

1. d4 Nf6 2. c4 Nc6 3. Nc3 e5 4. d5 Ne7 5. h4 Neg8 6. a3 a5 7. Nf3 Ng4 8. Ng5
h6 9. Nge4 f5 10. e3 Be7 11. d6 cxd6 12. Nxd6+ Bxd6 13. Qxd6 Ra6 14. Qd1 Ne7
15. Be2 O-O 16. Rb1 h5 17. f3 Nh6 18. b4 axb4 19. axb4 Ng6 20. c5 Ra8 21. Nb5
f4 22. e4 Nxh4 23. Qd5+ Nf7 24. Nd6 Qg5 25. Nxf7 Qxg2 26. Nd6+ Kh7 27. Rxh4
Qg3+ 28. Kd2 Qxh4 29. Bb2 Qf2 30. Qxe5 Qe3+ 31. Kd1 Rf6 32. Bd4 Qa3 33. Ne8 Rg6
34. Qxh5+ Rh6 35. Qf5+ Rg6 36. Bxg7 Qa2 37. Qh5+ Kg8 38. Qh8+ Kf7 39. Qf8+ Ke6
40. Nc7# 1-0

[Event "España ch sub-18 2007"]
[Site "Granada ESP"]
[Date "2007.07.31"]
[Round "4.7"]
[White "Remoli Sargues, Francisco"]
[Black "Trigo Urquijo, Sergio"]
[Result "1-0"]
[WhiteElo "2267"]
[BlackElo "2145"]
[PlyCount "109"]
[EventDate "2007.07.29"]
[EventType "swiss"]
[EventRounds "9"]
[EventCountry "ESP"]
[Source "lmi"]
[SourceDate "2007.07.29"]

1. e4 d6 2. d4 Nf6 3. Nc3 e5 4. Nf3 Nbd7 5. Bc4 Be7 6. O-O O-O 7. Re1 c6 8. a4
b6 9. d5 cxd5 10. Nxd5 Bb7 11. b3 Rc8 12. Re2 Nxd5 13. Bxd5 Bxd5 14. Qxd5 Nf6
15. Qd1 d5 16. exd5 e4 17. Ng5 Qxd5 18. Qxd5 Nxd5 19. Nxe4 f5 20. c4 fxe4 21.
cxd5 Bc5 22. Be3 Bxe3 23. Rxe3 Rc2 24. Rf1 Rb2 25. Rxe4 Rxb3 26. Rd1 Rd8 27. g3
Rf3 28. Re5 Kf7 29. Kg2 Rc3 30. Rd4 h6 31. Rf4+ Kg8 32. Re7 Rxd5 33. Rxa7 Ra3
34. h4 Ra5 35. Rxa5 bxa5 36. h5 g6 37. hxg6 Kg7 38. Rc4 Kxg6 39. f4 Ra2+ 40.
Kh3 Ra1 41. Kg4 h5+ 42. Kh3 Rh1+ 43. Kg2 Ra1 44. Kh2 Kf5 45. Kh3 Ra2 46. Rc5+
Ke4 47. Rxa5 Kf3 48. f5 Rg2 49. f6 Rxg3+ 50. Kh4 Rg4+ 51. Kxh5 Rf4 52. Kg6 Ke4
53. f7 Rg4+ 54. Rg5 Rf4 55. Kg7 1-0

[Event "España ch sub-18 2007"]
[Site "Granada ESP"]
[Date "2007.07.31"]
[Round "4.8"]
[White "Garcia-Ortega Mendez, Jose Manuel"]
[Black "Lariño Nieto, David"]
[Result "0-1"]
[WhiteElo "2151"]
[BlackElo "2435"]
[PlyCount "100"]
[EventDate "2007.07.29"]
[EventType "swiss"]
[EventRounds "9"]
[EventCountry "ESP"]
[Source "lmi"]
[SourceDate "2007.07.29"]

1. Nf3 Nf6 2. g3 c5 3. c4 d5 4. Bg2 Nc6 5. d4 dxc4 6. Qa4 cxd4 7. Nxd4 Qxd4 8.
Bxc6+ Bd7 9. Bxd7+ Qxd7 10. Qxc4 Rc8 11. Qf4 Nd5 12. Qd2 Qh3 13. Qxd5 Rxc1+ 14.
Kd2 Rc6 15. Ke1 e6 16. Qe4 Bb4+ 17. Qxb4 Qg2 18. Rf1 Rc1+ 19. Kd2 Rxf1 20. Nc3
Rxa1 21. Qd6 Qc6 22. Qb8+ Ke7 23. Qxh8 Qd6+ 24. Kc2 Qc5 25. Qxg7 Rxa2 26. Qxh7
Ra4 27. Qd3 a6 28. e3 f5 29. h4 Ra1 30. g4 b5 31. gxf5 Qxf5 32. Qxf5 exf5 33.
e4 Rf1 34. exf5 Rxf2+ 35. Kb3 Rxf5 36. Kb4 Kd6 37. Ka5 Kc5 38. Ne4+ Kd4 39. Nd6
Rf6 40. Nb7 b4 41. Ka4 Rb6 42. Na5 Rb5 43. h5 Rxh5 44. Nc6+ Kc5 45. Nd8 Rh7 46.
Ne6+ Kc4 47. Nf4 Rf7 48. b3+ Kd4 49. Ne6+ Kd5 50. Ng5 Rf5 0-1

[Event "España ch sub-18 2007"]
[Site "Granada ESP"]
[Date "2007.07.31"]
[Round "4.9"]
[White "Valmaña Canto, Jaime"]
[Black "Guadamuro Torrente, Anabel"]
[Result "1-0"]
[WhiteElo "2346"]
[BlackElo "2095"]
[PlyCount "81"]
[EventDate "2007.07.29"]
[EventType "swiss"]
[EventRounds "9"]
[EventCountry "ESP"]
[Source "lmi"]
[SourceDate "2007.07.29"]

1. e4 e5 2. Nf3 Nc6 3. Bb5 Nf6 4. d3 d6 5. O-O g6 6. d4 Bd7 7. d5 Nb8 8. Bxd7+
Nbxd7 9. Re1 Bg7 10. c4 O-O 11. Nc3 h6 12. a3 a5 13. Rb1 Nh7 14. b4 axb4 15.
axb4 f5 16. c5 f4 17. cxd6 cxd6 18. Nd2 Rc8 19. Nb5 Ndf6 20. Qe2 Ng5 21. f3 Qd7
22. Na3 Nf7 23. Ndc4 Rce8 24. Bd2 g5 25. Na5 b6 26. Nc6 g4 27. Nc4 gxf3 28.
gxf3 Ng5 29. Qg2 Nfxe4 30. Rxe4 Nxe4 31. fxe4 f3 32. Qg3 Rf6 33. Kf2 Kh7 34.
Rg1 b5 35. Ne3 Ra8 36. Nf5 Ra2 37. Qxg7+ Qxg7 38. Rxg7+ Kh8 39. Nce7 Rxd2+ 40.
Kxf3 Rd3+ 41. Ke2 1-0

[Event "España ch sub-18 2007"]
[Site "Granada ESP"]
[Date "2007.07.31"]
[Round "4.10"]
[White "Vallejo Diaz, Javier"]
[Black "Pardo Simon, David"]
[Result "1/2-1/2"]
[WhiteElo "2319"]
[BlackElo "2080"]
[PlyCount "133"]
[EventDate "2007.07.29"]
[EventType "swiss"]
[EventRounds "9"]
[EventCountry "ESP"]
[Source "lmi"]
[SourceDate "2007.07.29"]

1. e4 e5 2. Nf3 Nc6 3. Bb5 a6 4. Ba4 Nf6 5. d3 b5 6. Bb3 Be7 7. O-O O-O 8. c3
d6 9. Nbd2 Na5 10. Bc2 c5 11. Re1 Nc6 12. Nf1 Re8 13. Ng3 h6 14. h3 Be6 15. d4
cxd4 16. cxd4 exd4 17. Nxd4 Nxd4 18. Qxd4 Rc8 19. Bb3 d5 20. exd5 Nxd5 21. Nh5
Nf6 22. Qxd8 Bxd8 23. Nf4 Bc4 24. Rxe8+ Nxe8 25. Bxc4 Rxc4 26. b3 Rc2 27. Nd5
Bf6 28. Nxf6+ Nxf6 29. Be3 Nd5 30. Bd4 Nc3 31. Bxc3 Rxc3 32. Rd1 Rc2 33. a4
bxa4 34. bxa4 Rc4 35. Ra1 a5 36. Kf1 f5 37. Ke2 Kf7 38. Kd3 Rb4 39. Kc3 g5 40.
Ra2 Kf6 41. Ra1 h5 42. Ra2 h4 43. Kd3 Ke5 44. Ke3 Rb3+ 45. Ke2 Kd5 46. Rd2+ Kc5
47. Rd8 Kb4 48. Rd5 Kxa4 49. Rxf5 Rb5 50. g4 Rb2+ 51. Kd3 Kb4 52. Rxg5 Rxf2 53.
Rg8 Rf3+ 54. Kd4 Rxh3 55. Rb8+ Ka3 56. g5 Rg3 57. Rh8 Rxg5 58. Rxh4 Rg3 59. Kc4
Rb3 60. Rh1 Rb4+ 61. Kc3 Ka4 62. Ra1+ Kb5 63. Ra2 Rh4 64. Rg2 Rc4+ 65. Kb3 a4+
66. Ka3 Rc3+ 67. Kb2 1/2-1/2

[Event "España ch sub-18 2007"]
[Site "Granada ESP"]
[Date "2007.07.31"]
[Round "4.11"]
[White "Gimenez Martinez, Alberto"]
[Black "Camacho Collados, Marcos"]
[Result "0-1"]
[WhiteElo "2070"]
[BlackElo "2239"]
[PlyCount "49"]
[EventDate "2007.07.29"]
[EventType "swiss"]
[EventRounds "9"]
[EventCountry "ESP"]
[Source "lmi"]
[SourceDate "2007.07.29"]

1. e4 c5 2. Nf3 a6 3. c3 d5 4. exd5 Qxd5 5. d4 e6 6. Bd3 cxd4 7. cxd4 Nc6 8.
Nc3 Qd8 9. Bg5 Be7 10. Bxe7 Ngxe7 11. O-O Nd5 12. Re1 O-O 13. Rc1 h6 14. Bb1
Nxc3 15. Rxc3 Qd6 16. Ne5 f5 17. Nxc6 bxc6 18. Qa4 Bd7 19. a3 Rab8 20. Re2 Rb6
21. Qc4 Rb5 22. g3 Rfb8 23. b4 a5 24. Ba2 axb4 25. Rce3 0-1

[Event "España ch sub-18 2007"]
[Site "Granada ESP"]
[Date "2007.07.31"]
[Round "4.12"]
[White "Senlle Caride, Miguel"]
[Black "Ladron De Guevara Pinto, Miguel"]
[Result "1/2-1/2"]
[WhiteElo "2179"]
[BlackElo "2052"]
[PlyCount "77"]
[EventDate "2007.07.29"]
[EventType "swiss"]
[EventRounds "9"]
[EventCountry "ESP"]
[Source "lmi"]
[SourceDate "2007.07.29"]

1. e4 c5 2. Nf3 e6 3. Be2 Nc6 4. O-O Qc7 5. Nc3 a6 6. d4 cxd4 7. Nxd4 Nf6 8.
Be3 b5 9. a3 Bb7 10. f4 Nxd4 11. Qxd4 Rc8 12. Bf3 Bc5 13. Qxc5 Qxc5 14. Bxc5
Rxc5 15. e5 Bxf3 16. Rxf3 Nd5 17. Nxd5 Rxd5 18. Rd3 Rxd3 19. cxd3 d5 20. a4 b4
21. Rc1 Kd7 22. Kf2 Rc8 23. Rxc8 Kxc8 24. Ke3 Kc7 25. b3 a5 26. g4 Kd7 27. f5
Kc6 28. d4 Kd7 29. Kf4 Ke7 30. h4 Kf8 31. Kg5 Kg8 32. h5 h6+ 33. Kf4 g5+ 34.
hxg6 fxg6 35. fxe6 Kf8 36. g5 h5 37. Kg3 Ke7 38. Kf3 Kxe6 39. Kf4 1/2-1/2

[Event "España ch sub-18 2007"]
[Site "Granada ESP"]
[Date "2007.07.31"]
[Round "4.13"]
[White "Rodriguez Perez, David Antonio"]
[Black "Alarcia Astiz, Carlos"]
[Result "1/2-1/2"]
[WhiteElo "2018"]
[BlackElo "2173"]
[PlyCount "147"]
[EventDate "2007.07.29"]
[EventType "swiss"]
[EventRounds "9"]
[EventCountry "ESP"]
[Source "lmi"]
[SourceDate "2007.07.29"]

1. e4 c6 2. Nc3 d5 3. Qf3 Nf6 4. exd5 cxd5 5. d4 Nc6 6. Be3 Bg4 7. Qg3 a6 8. f3
Bf5 9. Qf2 e6 10. g4 Bg6 11. Nh3 Bd6 12. Nf4 Qc7 13. Nd3 h5 14. g5 Nd7 15. f4
Bf5 16. h4 O-O-O 17. Nc5 Bxc5 18. dxc5 d4 19. Bxd4 Nxd4 20. Qxd4 Nxc5 21. Qf2
e5 22. Bg2 Rd4 23. O-O Rxf4 24. Qe3 Rxf1+ 25. Rxf1 Be6 26. Nd5 Bxd5 27. Bxd5 f6
28. gxf6 gxf6 29. Rxf6 Nd7 30. Rf2 Kb8 31. c4 Nb6 32. Qe4 Nxd5 33. Qxd5 Rd8 34.
Qf7 Rd1+ 35. Kh2 Qc6 36. Qf3 Qxf3 37. Rxf3 Rd4 38. Kh3 Rxc4 39. Rf5 Rc2 40.
Rxe5 Rxb2 41. a4 Rb3+ 42. Kg2 Rb4 43. Rxh5 Rxa4 44. Rh8+ Kc7 45. h5 a5 46. h6
Rh4 47. Kg3 Rh1 48. Kf3 a4 49. h7 a3 50. Kg2 a2 51. Ra8 Rxh7 52. Rxa2 Rd7 53.
Kf2 Rd5 54. Ke3 b5 55. Rd2 Rc5 56. Kd3 Kb6 57. Rc2 Rh5 58. Kc3 Rh3+ 59. Kb4
Rh4+ 60. Kb3 Ka5 61. Ra2+ Kb6 62. Rc2 Ra4 63. Ra2 Rc4 64. Rc2 Rh4 65. Rg2 Rh3+
66. Kb4 Rh6 67. Rg4 Rf6 68. Re4 Rc6 69. Rh4 Rc1 70. Rh6+ Rc6 71. Rh4 Rg6 72.
Rf4 Kc6 73. Rh4 Rd6 74. Rg4 1/2-1/2